| 000 | 00769nam a22002177a 4500 | ||
|---|---|---|---|
| 003 | OSt | ||
| 005 | 20151019135402.0 | ||
| 008 | 130618s2006 sp ||||| |||| 00| 0 spa d | ||
| 020 | _a8496280683 | ||
| 040 | _cCDMR | ||
| 100 | 1 |
_93795 _aGómez Montano, Alicia |
|
| 245 | 1 | 3 |
_aLa manipulación en televisión _cAlicia G. Montano |
| 260 |
_aMadrid _bEspejo de Tinta _c2006 |
||
| 300 | _a249 p. | ||
| 586 | _a1r Premi de la XVIII convocatòria dels PRemis del Consell de l'Audiovisual de Catalunya a la investigació sobre comunicació audiovisual | ||
| 650 | 0 | 4 |
_93730 _aPolítica de la televisió |
| 650 | 0 | 4 |
_91780 _aTelevisió _zEspanya |
| 650 | 0 | 4 |
_93243 _aMitjans de comunicació de massa _xManipulació |
| 610 | 2 |
_91250 _aRadiotelevisión Española |
|
| 942 |
_2udc _cMON |
||
| 999 |
_c6477 _d6477 |
||